Normas de derecho constitucional / (Record no. 110247)

MARC details
000 -LEADER
campo de control de longitud fija 00570nam a2200193 4500
001 - NÚMERO DE CONTROL
campo de control 272
005 - FECHA Y HORA DE LA ÚLTIMA TRANSACCIÓN
campo de control 20230411085954.0
008 - DATOS DE LONGITUD FIJA--INFORMACIÓN GENERAL
campo de control de longitud fija 060907n1995 dr spa
035 ## - NÚMERO DE CONTROL DEL SISTEMA
-- funglode273
041 ## - CÓDIGO DE IDIOMA
Código de lengua del texto/banda sonora o título independiente ES
100 ## - ENTRADA PRINCIPAL--NOMBRE DE PERSONA
Nombre de persona Esteban, Jorge de
245 1# - MENCIÓN DEL TÍTULO
Título Normas de derecho constitucional /
Mención de responsabilidad, etc. Jorge de Esteban; con la colaboración de Pedro José González - Trevijano
250 ## - MENCION DE EDICION
Mención de edición 6
260 ## - PUBLICACIÓN, DISTRIBUCIÓN, ETC.
Lugar de publicación, distribución, etc. Madrid :
Nombre del editor, distribuidor, etc. Tecnos,
Fecha de publicación, distribución, etc. 1995
300 ## - DESCRIPCIÓN FÍSICA
Extensión 987 p.
440 ## - MENCIÓN DE SERIE/PUNTO DE ACCESO ADICIONAL--TÍTULO
Título Biblioteca de textos legales ;
Designación de volumen o secuencia 6
700 ## - ENTRADA AGREGADA--NOMBRE PERSONAL
Nombre de persona González, Pedro José, Col.
942 ## - ELEMENTOS DE ENTRADA SECUNDARIOS (KOHA)
Fuente del sistema de clasificación o colocación Clasificación de Library of Congress
Tipo de ítem Koha
Holdings
Estatus retirado Estado de pérdida Fuente del sistema de clasificación o colocación Estado de daño No para préstamo Colección Biblioteca de origen Biblioteca actual Ubicación en estantería Fecha de adquisición Código de barras Visto por última vez Copia número Tipo de ítem Koha
    Clasificación de Library of Congress     Automatización y Procesos Técnicos Biblioteca Juan Bosch Biblioteca Juan Bosch Automatización y Procesos Técnicos (1er. Piso) 17/02/2019 00020010273 17/02/2019 1